|
|
|
|
| LEADER |
01283nam a22003494a 4500 |
| 001 |
18796 |
| 003 |
BD-DhAAL |
| 005 |
20230706161701.0 |
| 008 |
230706t2000 mdua b 001 0 eng d |
| 010 |
|
|
|a 99047148
|
| 020 |
|
|
|a 0847694518
|
| 020 |
|
|
|a 9780847694518
|
| 020 |
|
|
|a 084769450X (cloth : alk. paper)
|
| 040 |
|
|
|a DLC
|c DLC
|d DLC
|d BD-DhAAL
|
| 042 |
|
|
|a pcc
|
| 050 |
0 |
0 |
|a HT166
|b .G4614 2000
|
| 082 |
0 |
0 |
|a 307.1216082
|2 21
|
| 245 |
0 |
0 |
|a Gendering the city :
|b women, boundaries, and visions or urban life /
|c edited by Kristine B. Miranne & Alma H. Young.
|
| 260 |
|
|
|a Lanham :
|b Rowman & Littlefield,
|c c2000.
|
| 300 |
|
|
|a ix, 229 pages :
|b port. ;
|c 23 cm.
|
| 504 |
|
|
|a Includes bibliographical references and index.
|
| 541 |
|
|
|e 18796
|
| 650 |
|
0 |
|a Women and city planning.
|9 54947
|
| 650 |
|
0 |
|a Urban ecology (Sociology)
|
| 650 |
|
0 |
|a Urban women
|x Social conditions.
|9 54948
|
| 650 |
|
0 |
|a Feminist theory.
|
| 700 |
1 |
|
|a Miranne, Kristine B.
|9 54949
|
| 700 |
1 |
|
|a Young, Alma H.
|9 54950
|
| 852 |
|
|
|a Ayesha Abed Library
|c General Stacks
|
| 942 |
|
|
|2 ddc
|c BK
|
| 999 |
|
|
|c 45935
|d 45935
|
| 952 |
|
|
|0 0
|1 0
|2 ddc
|4 0
|6 307_121608200000000_GEN
|7 0
|9 73876
|a BIGD
|b BIGD
|c GEN
|d 2023-07-06
|l 0
|o 307.1216082 GEN
|p 3050018796
|r 2023-07-06
|t 1
|w 2023-07-06
|y BK
|x Transferred from BDI to BIGD.
|